| 000 | 00377 a2200133 4500 | ||
|---|---|---|---|
| 000 | nam a22 7a 4500 | ||
| 100 | _a Peter Flach | ||
| 110 | _a Peter Flach | ||
| 245 | _aMACHINE LEARNING SOUTH ASIA EDITION: THE ART AND SCIENCE OF ALGORITHMS THAT MAKE SENSE OF DATA | ||
| 250 | _alatest edition | ||
| 260 |
_bcambridge _c2025 |
||
| 264 |
_bcambridge _c2025 |
||
| 942 | _cBK | ||
| 999 |
_c397188 _d397188 |
||